Personality psychology (Record no. 480860)

MARC details
000 -LEADER
fixed length control field 01529cam a2200349 a 4500
001 - CONTROL NUMBER
control field EDZ0000062245
003 - CONTROL NUMBER IDENTIFIER
control field StDuBDS
005 - DATE AND TIME OF LATEST TRANSACTION
control field 20161031105153.0
006 - FIXED-LENGTH DATA ELEMENTS--ADDITIONAL MATERIAL CHARACTERISTICS--GENERAL INFORMATION
fixed length control field m||||||||d||||||||
007 - PHYSICAL DESCRIPTION FIXED FIELD--GENERAL INFORMATION
fixed length control field cr |||||||||||
008 - FIXED-LENGTH DATA ELEMENTS--GENERAL INFORMATION
fixed length control field 120312s1995 cau fo| 001|0|eng|d
020 ## - INTERNATIONAL STANDARD BOOK NUMBER
International Standard Book Number 9781452243511 (ebook) :
Terms of availability No price
040 ## - CATALOGING SOURCE
Original cataloging agency StDuBDS
Language of cataloging eng
Transcribing agency StDuBDS
Description conventions pn
049 ## - LOCAL HOLDINGS (OCLC)
Holding library Alfaisal Main Library
050 #0 - LIBRARY OF CONGRESS CALL NUMBER
Classification number BF698
Item number .M349 1995
082 04 - DEWEY DECIMAL CLASSIFICATION NUMBER
Classification number 155.2
Edition number 23
100 1# - MAIN ENTRY--PERSONAL NAME
Personal name McMartin, Jim.
245 10 - TITLE STATEMENT
Title Personality psychology
Medium [electronic resource] :
Remainder of title a student-centered approach /
Statement of responsibility, etc Jim McMartin.
260 ## - PUBLICATION, DISTRIBUTION, ETC. (IMPRINT)
Place of publication, distribution, etc Thousand Oaks, Calif. ;
-- London :
Name of publisher, distributor, etc SAGE,
Date of publication, distribution, etc c1995.
300 ## - PHYSICAL DESCRIPTION
Extent 1 online resource (xix, 267 p.)
520 8# - SUMMARY, ETC.
Summary, etc This textbook examines major theories of personality as they apply to an understanding of our past, present and future selves. Unlike traditional personality textbooks that merely present a succession of different theories, this student-centred volume examines how theories of personality have a bearing on questions that are relevant across the lifespan.
521 ## - TARGET AUDIENCE NOTE
Target audience note Specialized.
588 ## -
-- Description based on print version record.
504 ## - BIBLIOGRAPHY, ETC. NOTE
Bibliography, etc Includes bibliographical references and index.
650 #0 - SUBJECT ADDED ENTRY--TOPICAL TERM
Topical term or geographic name as entry element Personality.
650 #0 - SUBJECT ADDED ENTRY--TOPICAL TERM
Topical term or geographic name as entry element Personality development.
655 #7 - INDEX TERM--GENRE/FORM
Genre/form data or focus term Electronic books.
Source of term local
710 2# - ADDED ENTRY--CORPORATE NAME
Corporate name or jurisdiction name as entry element Sage eBooks
776 08 - ADDITIONAL PHYSICAL FORM ENTRY
Display text Print version :
International Standard Book Number 9780803953444
856 40 - ELECTRONIC LOCATION AND ACCESS
Uniform Resource Identifier <a href="http://ezproxy.alfaisal.edu/login?url=http://sk.sagepub.com/books/personality-psychology">http://ezproxy.alfaisal.edu/login?url=http://sk.sagepub.com/books/personality-psychology</a>
942 ## - ADDED ENTRY ELEMENTS (KOHA)
Source of classification or shelving scheme Library of Congress Classification
Koha item type eBooks

No items available.

Copyright © 2020 Alfaisal University Library. All Rights Reserved.
Tel: +966 11 2158948 Fax: +966 11 2157910 Email:
librarian@alfaisal.edu